Sports Quiz

Random Sports or Football Quiz

EFL Play-Offs: League One Quiz Stats

 Plays Quiz not verified by Sporcle

Challenge
Share
Tweet
Embed
Score 0/36 Timer 08:00
0 Plays Today
Year Club % Correct
2015/16 - Runners-upMillwall
89%
2008/09 - Runners-upMillwall
89%
2009/10 - WinnersMillwall
89%
2016/17 - WinnersMillwall
86.8%
2016/17 - Runners-upBradford City
86.8%
2015/16 - WinnersBarnsley
79.5%
2005/06 - WinnersBarnsley
79.4%
2011/12 - Runners-upSheffield United
75.9%
2013/14 - WinnersRotherham United
72.9%
2007/08 - Runners-upLeeds United
72.7%
2011/12 - WinnersHuddersfield Town
71.5%
2010/11 - Runners-upHuddersfield Town
71.5%
2004/05 - WinnersSheffield Wednesday
69.2%
2009/10 - Runners-upSwindon Town
64.2%
2014/15 - Runners-upSwindon Town
64.2%
2005/06 - Runners-upSwansea City
62.9%
2014/15 - WinnersPreston North End
62.6%
2006/07 - WinnersBlackpool
62.5%
Year Club % Correct
1999/2000 - Runners-upWigan Athletic
62.1%
2012/13 - WinnersYeovil Town
61%
2006/07 - Runners-upYeovil Town
60.9%
2007/08 - WinnersDoncaster Rovers
60.6%
2013/14 - Runners-upLeyton Orient
59.8%
2003/04 - Runners-upBristol City
58.9%
2008/09 - WinnersScunthorpe United
58%
2012/13 - Runners-upBrentford
56.3%
2001/02 - Runners-upBrentford
56.2%
2002/03 - WinnersCardiff City
53.1%
2003/04 - WinnersBrighton & Hove Albion
50.6%
1999/2000 - WinnerGillingham
49.9%
2010/11 - WinnersPeterborough United
48.4%
2000/01 - Runners-upReading
47.4%
2002/03 - Runners-upQueens Park Rangers
41.8%
2000/01 - WinnerWalsall
41.4%
2001/02 - WinnerStoke City
37.7%
2004/05 - Runners-upHartlepool United
36.8%

You're not logged in!

Compare scores with friends on all Sporcle quizzes.
OR
Log In

You Might Also Like...

Show Comments

Extras

Top Quizzes Today


Score Distribution

Your Account Isn't Verified!

In order to create a playlist on Sporcle, you need to verify the email address you used during registration. Go to your Sporcle Settings to finish the process.

Report this User

Report this user for behavior that violates our Community Guidelines.

Details: